Extreme Flags #3 - Statistics

General Stats
  • This quiz has been taken 366 times
  • The average score is 9 of 20
Answer Stats
Picture Answer % Correct
Isle of Man
93%
American Samoa
79%
Jersey
74%
Niue
69%
Bavaria
63%
Abkhazia
60%
Curacao
60%
Martinique
51%
Brittany
47%
Nunavut
43%
Friesland
42%
St. Helena
41%
Chechnya
32%
Shetland Islands
26%
Valencia
24%
Sakha
22%
Los Angeles
20%
Gagauzia
18%
Transylvania
14%
Normandy
7%
No matching quizzes found
Score Distribution
Percent of People with Each Score
Percentile by Number Answered
Your Score History
You have not taken this quiz